Sports Quiz

Random Sports or NBA Quiz
Score 0/20 Timer 08:00
0 Plays Today
% Correct
Detroit Lions and Tampa Bay Buccaneers
96.8%
Dallas Cowboys and Tennessee Titans
91.4%
Minnesota Vikings and Washington Redskins
90%
Arizona Cardinals and Oakland Raiders
85.7%
Los Angeles Angels and Oakland Athletics
84.8%
New Orleans Saints and San Francisco 49ers
84.1%
Chicago Blackhawks and Edmonton Oilers
83%
Indiana Pacers and New York Knicks
80%
Brooklyn Nets and Miami Heat
79.1%
Philadelphia Flyers and Toronto Maple Leafs
76.9%
% Correct
Atlanta Hawks and Washington Wizards
74.2%
Carolina Hurricanes and Pittsburgh Penguins
73.1%
Cincinnati Reds and Philadelphia Phillies
72.4%
Kansas City Royals and San Diego Padres
70.8%
Los Angeles Kings and Montreal Canadiens
62%
Chicago Bulls and Philadelphia 76ers
59.7%
Boston Red Sox and Houston Astros
58.6%
Ottawa Senators and Winnipeg Jets
54.5%
Memphis Grizzlies and Phoenix Suns
48.6%
Chicago Cubs and Los Angeles Dodgers
30.1%

You're not logged in!

Compare scores with friends on all Sporcle quizzes.
OR
Log In

Sporcle TV

Today on Sporcle TV


Watch our educational content, quiz creation guides, and fun videos on Sporcle TV.

Show Comments

Extras

Top Quizzes Today


Score Distribution

Your Account Isn't Verified!

In order to create a playlist on Sporcle, you need to verify the email address you used during registration. Go to your Sporcle Settings to finish the process.

Report this User

Report this user for behavior that violates our Community Guidelines.

Details: